000 01102nas a2200325 4500
001 BR9202776
003 BR-BrBNA
005 20231205092542.0
007 ta
008 230509b bl.|||p| |||| 00| 00por d
040 _aBR-BrBNA
_bpor
_cBiblioteca Nacional de Agricultura
041 _a(Pt)
072 _aF30
100 1 _aGoncalves, P. de S.
100 1 _aCardoso, M.
100 1 _aColombo, C.A.
100 1 _aOrtolani, A.A.
100 1 _aMartins, A.L.M.
100 1 _aSantos, I.C.I. dos
245 1 _aVariabilidade genetica da producao anual da seringueira: estimativas de parametros geneticos e estudo de interacao genotipo x ambiente
246 1 _aGenetic variability of rubber tree annual yielding: estimates of genetic parameters and study of genotype x environment interaction
650 _aSERINGUEIRA
650 _aSELECAO GENETICA
650 _aGENOTIPO
650 _aFENOTIPO
650 _aHEREDITARIEDADE
773 0 _tBragantia (Brazil)
_xISSN 0006-8705
_g(1990), v. 49(2) p. 305-320
_wBR9202776
909 _a202311
_bLúcia
_c55
_dLúcia Elande
942 _2AGRIS
_n0
_cANA
999 _c132479
_d132479